| 000 | 00605nam a2200205Ia 4500 | ||
|---|---|---|---|
| 003 | IEPS | ||
| 005 | 20250703135314.0 | ||
| 008 | 250223s9999||||xx |||||||||||||| ||und|| | ||
| 020 | _a9957161369 | ||
| 040 | _CIEPS | ||
| 041 | _aara | ||
| 082 | _a150.15 | ||
| 100 | _aعبد الهادي جودت | ||
| 245 | 0 | _aنظريات التعلم و تطبيقاتها التربوية | |
| 260 |
_aعمان _bدار الثقافة للنشر و التوزيع _c2006 |
||
| 300 |
_a296 ص. _bمخططات _c24 سم. |
||
| 653 | _aالتعلم | ||
| 653 | _aعلم النفس التربوي | ||
| 942 | _cكتاب | ||
| 999 |
_c13212 _d13212 |
||